| 000 -CABECERA |
| fixed length control field |
03346nam a22004217a 4500 |
| 003 - IDENTIFICADOR DEL NÚMERO DE CONTROL |
| control field |
AR-CdUCM |
| 008 - DATOS DE LONGITUD FIJA--INFORMACIÓN GENERAL |
| fixed length control field |
190425b ||||| |||| 00| 0 spa d |
| 040 ## - FUENTE DE LA CATALOGACIÓN |
| Agencia/entidad que catalogó originalmente la obra |
MUNICIPALIDAD PROVINCIAL DEL CUSCO |
| Entidad que transcribió la catalogación |
BIBLIOTECA MUNICIPAL DEL CUSCO |
| 082 ## - NÚMERO DE LA CLASIFICACIÓN DECIMAL DEWEY |
| No. de Clasificación |
Rev.DIMA/N°23/1984 |
| 110 ## - ENTRADA PRINCIPAL--NOMBRE DE ENTIDAD CORPORATIVA |
| Nombre de la institución, jurisdicción como entrada principal |
Instituto y Museo Arqueológico de la Universidad Nacional del Cuzco |
| 9 (RLIN) |
46550 |
| 245 ## - MENCIÓN DE TÍTULO |
| Título |
Revista del Museo e Instituto Arqueológico / |
| Mención de responsabilidad |
Universidad Nacional de San Antonio Abad del Cusco |
| 260 ## - PUBLICACIÓN, DISTRIBUCIÓN, ETC. |
| Lugar de publicación, distribución, etc. |
Cusco : |
| Nombre de la editorial, distribuidor, etc. |
Universidad Nacional de San Antonio Abad del Cusco, |
| Fecha de publicación, distribución, etc. |
1984. |
| 300 ## - DESCRIPCIÓN FÍSICA |
| Nº de Páginas Extensión |
318 páginas. : |
| Otros detalles físicos |
ilustraciones ; |
| Dimensiones |
21 cm. |
| 440 ## - MENCIÓN DE SERIE/PUNTO DE ACCESO ADICIONAL--TÍTULO |
| Título |
Revista del Museo e Instituto de Arqueología. |
| Número de la parte/sección de una obra |
N°23, Año 1984. |
| 9 (RLIN) |
46579 |
| 505 ## - NOTA DE CONTENIDO CON FORMATO |
| Nota de contenido formateada |
Contenido: Tres nombres, tres signos cusqueños. Gustavo Pérez Ocampo. -- El taller lítico de Tumuku. Félix Palacios Ríos. -- Arquitectura y cerámica Killke del Cusco. José A. Gonzales Corrales. -- Arqueología de Qolqampata. Alfredo Valencia Zegarra. -- Caminos al Antisuyo. Salustio Gutiérrez Pareja. -- Establecimiento de la gobernación de Vilcabamba de acuerdo a un documento inédito del Siglo XVI. Roberto Cáceres Olivera. -- Qeros Cusqueños un ensayo de interpretación descriptiva de la iconografía Inca contenida en los Qeros o vasos de madera del Cusco. Manuel Chávez Ballón. -- Retratos coloniales en los incas nobles. John Howland Rowe. -- La concepción del tiempo y de la historia Inka en la crónica de Guamán de Guamán Poma de Ayala y su supervivencia actual en la región andina. Abdón Yaranga. -- Algunos elementos de análisis sobre nuestra historia hasta la conquista española. César Gonzales Mires. -- El león y la sierpe una alegoría andina del siglo XVIII. David V. de Rojas Silva. -- Los organistas y organeros del Cuzco antiguo. Teófilo Benavente. -- La conservación del patrimonio monumental a través de la historia. Roberto Samanez Argumedo. -- Causas que originaron la actual distribución espacial de las alpacas y llamas. Jorge Flores Ochoa. -- La caza en la tecnología andina. Leandro Zans Candía. -- La coca en las relaciones inter ecológicas. Jorge Sánchez Farfán. -- La extinción de los Qollanas en el proceso productivo cuzqueño. Abraham Valencia Espinoza. -- Los motivos de los tejidos de Q´ero la descripción de los tejidos. Gail P, Silverman Proust. -- Bibliografía ultima relacionada con la temática de la revista. |
| 650 ## - PUNTO DE ACCESO ADICIONAL DE MATERIA--TÉRMINO DE MATERIA |
| Descriptor |
Arquitectura Killke |
| 9 (RLIN) |
46580 |
| 650 ## - PUNTO DE ACCESO ADICIONAL DE MATERIA--TÉRMINO DE MATERIA |
| Descriptor |
Arqueología cusqueña |
| 9 (RLIN) |
9322 |
| 650 ## - PUNTO DE ACCESO ADICIONAL DE MATERIA--TÉRMINO DE MATERIA |
| Descriptor |
Qhapaq Ñan |
| 9 (RLIN) |
45532 |
| 650 ## - PUNTO DE ACCESO ADICIONAL DE MATERIA--TÉRMINO DE MATERIA |
| Descriptor |
Sistema vial andino |
| 9 (RLIN) |
46581 |
| 650 ## - PUNTO DE ACCESO ADICIONAL DE MATERIA--TÉRMINO DE MATERIA |
| Descriptor |
Orfebrería Inka |
| 9 (RLIN) |
46582 |
| 650 ## - PUNTO DE ACCESO ADICIONAL DE MATERIA--TÉRMINO DE MATERIA |
| Descriptor |
Historia del Cusco |
| 9 (RLIN) |
1714 |
| 650 ## - PUNTO DE ACCESO ADICIONAL DE MATERIA--TÉRMINO DE MATERIA |
| Descriptor |
Tecnología andina |
| 9 (RLIN) |
10426 |
| 650 ## - PUNTO DE ACCESO ADICIONAL DE MATERIA--TÉRMINO DE MATERIA |
| Descriptor |
Conservación del patrimonio |
| 9 (RLIN) |
46583 |
| 650 ## - PUNTO DE ACCESO ADICIONAL DE MATERIA--TÉRMINO DE MATERIA |
| Descriptor |
Textilería andina |
| 9 (RLIN) |
8669 |
| 700 ## - PUNTO DE ACCESO ADICIONAL--NOMBRE DE PERSONA |
| Nombre Personal |
Pérez Ocampo, Gustavo |
| 9 (RLIN) |
46584 |
| 700 ## - PUNTO DE ACCESO ADICIONAL--NOMBRE DE PERSONA |
| Nombre Personal |
Palacios Ríos, Félix |
| 9 (RLIN) |
46585 |
| 700 ## - PUNTO DE ACCESO ADICIONAL--NOMBRE DE PERSONA |
| Nombre Personal |
Gonzales Corrales, José |
| 9 (RLIN) |
46586 |
| 700 ## - PUNTO DE ACCESO ADICIONAL--NOMBRE DE PERSONA |
| Nombre Personal |
Cáceres Olivera, Roberto |
| 9 (RLIN) |
46587 |
| 700 ## - PUNTO DE ACCESO ADICIONAL--NOMBRE DE PERSONA |
| Nombre Personal |
Chávez Ballón, Manuel |
| 9 (RLIN) |
45977 |
| 700 ## - PUNTO DE ACCESO ADICIONAL--NOMBRE DE PERSONA |
| Nombre Personal |
Rowe, John |
| 9 (RLIN) |
46023 |
| 700 ## - PUNTO DE ACCESO ADICIONAL--NOMBRE DE PERSONA |
| Nombre Personal |
Gonzales Mires, César |
| 9 (RLIN) |
1878 |
| 700 ## - PUNTO DE ACCESO ADICIONAL--NOMBRE DE PERSONA |
| Nombre Personal |
Benavente, Teófilo |
| 9 (RLIN) |
46588 |
| 700 ## - PUNTO DE ACCESO ADICIONAL--NOMBRE DE PERSONA |
| Nombre Personal |
Samanez Argumedo, Roberto |
| 9 (RLIN) |
5654 |
| 700 ## - PUNTO DE ACCESO ADICIONAL--NOMBRE DE PERSONA |
| Nombre Personal |
Valencia Espinoza, Abraham |
| 9 (RLIN) |
12606 |
| 710 ## - PUNTO DE ACCESO ADICIONAL--NOMBRE DE ENTIDAD CORPORATIVA |
| Nombre corporativo (En letras Mayúsculas) |
Universidad Nacional de San Antonio Abad del Cusco |
| 9 (RLIN) |
15942 |
| 942 ## - ELEMENTOS DE PUNTO DE ACCESO ADICIONAL (KOHA) |
| Fuente de clasificación |
|
| Tipo de item |
Revistas cusqueñas |
| 945 ## - PROCESAMIENTO DE INFORMACIÓN LOCAL (OCLC) |
| Catalogador |
rac |